Experimental Research of Supersonic Flow Around Simulating Rocket-Ramjet; MATEC Web of Conferences; Vol. 23 : Heat and Mass Transfer in the Thermal Control System of Technical and Technological Energy Equipment
| Parent link: | MATEC Web of Conferences Vol. 23 : Heat and Mass Transfer in the Thermal Control System of Technical and Technological Energy Equipment.— 2015.— [01026, 5 p.] |
|---|---|
| Autor principal: | |
| Autor Corporativo: | |
| Otros Autores: | , |
| Sumario: | Title screen The results of experimental researches of the structure and of the basic parameters of the air when flow around flat and axisymmetric models of rocket-ramjet engine are presented. |
| Lenguaje: | inglés |
| Publicado: |
2015
|
| Materias: | |
| Acceso en línea: | http://dx.doi.org/10.1051/matecconf/20152301026 http://earchive.tpu.ru/handle/11683/15373 |
| Formato: | Electrónico Capítulo de libro |
| KOHA link: | https://koha.lib.tpu.ru/cgi-bin/koha/opac-detail.pl?biblionumber=645229 |
MARC
| LEADER | 00000nla2a2200000 4500 | ||
|---|---|---|---|
| 001 | 645229 | ||
| 005 | 20231101134344.0 | ||
| 035 | |a (RuTPU)RU\TPU\network\10313 | ||
| 035 | |a RU\TPU\network\10310 | ||
| 090 | |a 645229 | ||
| 100 | |a 20151212a2015 k y0engy50 ba | ||
| 101 | 0 | |a eng | |
| 105 | |a y z 100zy | ||
| 135 | |a drcn ---uucaa | ||
| 181 | 0 | |a i | |
| 182 | 0 | |a b | |
| 200 | 1 | |a Experimental Research of Supersonic Flow Around Simulating Rocket-Ramjet |f E. A. Maslov, V. V. Klochikhin, I. K. Zharova | |
| 203 | |a Text |c electronic | ||
| 300 | |a Title screen | ||
| 320 | |a [References: 3 tit.] | ||
| 330 | |a The results of experimental researches of the structure and of the basic parameters of the air when flow around flat and axisymmetric models of rocket-ramjet engine are presented. | ||
| 461 | 0 | |0 (RuTPU)RU\TPU\network\4526 |t MATEC Web of Conferences | |
| 463 | 0 | |0 (RuTPU)RU\TPU\network\9794 |t Vol. 23 : Heat and Mass Transfer in the Thermal Control System of Technical and Technological Energy Equipment |o April 22-23, 2015, Tomsk, Russia |f National Research Tomsk Polytechnic University (TPU) ; ed. G. V. Kuznetsov [et al.] |o [proceedings] |v [01026, 5 p.] |d 2015 | |
| 610 | 1 | |a электронный ресурс | |
| 610 | 1 | |a труды учёных ТПУ | |
| 610 | 1 | |a экспериментальные исследования | |
| 610 | 1 | |a сверхзвуковое обтекание | |
| 610 | 1 | |a ракетно-прямоточные двигатели | |
| 700 | 1 | |a Maslov |b E. A. |c specialist in the field of power engineering |c Associate Professor of Tomsk Polytechnic University, Candidate of physical and mathematical sciences |f 1982- |g Evgeny Anatolievich |2 stltpush |3 (RuTPU)RU\TPU\pers\34319 | |
| 701 | 1 | |a Klochikhin |b V. V. |g Vladimir | |
| 701 | 1 | |a Zharova |b I. K. |g Irina |2 stltpush |3 (RuTPU)RU\TPU\pers\30878 | |
| 712 | 0 | 2 | |a Национальный исследовательский Томский политехнический университет (ТПУ) |b Энергетический институт (ЭНИН) |b Кафедра атомных и тепловых электростанций (АТЭС) |h 118 |2 stltpush |3 (RuTPU)RU\TPU\col\18683 |
| 801 | 2 | |a RU |b 63413507 |c 20161122 |g RCR | |
| 856 | 4 | |u http://dx.doi.org/10.1051/matecconf/20152301026 | |
| 856 | 4 | |u http://earchive.tpu.ru/handle/11683/15373 | |
| 942 | |c CF | ||